00497cam a2200169ua 4500001000400000008003900004020001800043040000900061082001000070245009400080250000900174260005200183300002700235653002200262653001700284700002600301133110321n ii |||gr||||Z||||||eng a81-7317-564-0 cMAIN a005.4 aMS word 2007. : bAn easy and quick way to learn ms word 2007. / cBy Vishnu Priya Singh. a1st. aNew Delhi.:bComputech publication ltd.,c2007. a160 p.:bill.;c24 cm. aComputer Science. aMs word 20071 aSingh, Vishnu Priya.,